| 000 | 00516nam a22001817a 4500 | ||
|---|---|---|---|
| 005 | 20251108171938.0 | ||
| 008 | 250721s1992 xx 000 0 ara d | ||
| 082 | 1 | 4 | _aط/811.9562/أ |
| 100 | 1 | _aرعد، أ | |
| 245 | 1 | 0 | _aمهرجان الربيع / |
| 264 | 1 |
_aبيروت : _bمكتبة لبنان، _c1992. |
|
| 300 | _a32ص : مص | ||
| 490 | 0 | _aكتب الفراشة : قصائد و فراشات ؛ 3 | |
| 650 | 1 | 7 | _aالشعر الحديث |
| 650 | 1 | 7 | _aلبنان |
| 942 |
_2ddc _cBK |
||
| 999 |
_c66555 _d66555 |
||